00916nam a2200157Ia 4500008004100000020001800041100004600059245013700105260003900242440005700281650001700338650024600355856004400601999001900645952009400664171212s9999 xx 000 0 und d a9780870819513 aLind, Michael;Urcid, Javier;Urcid, Javier cLind, Michael;Urcid, Javier;Urcid, JavieraThe Lords of LambityecobPolitical Evolution in the Valley of Oaxaca during the Xoo Phase bUniversity Press of Coloradoc2010 aMesoamerican Worlds: From the Olmec to the Danzantes aAnthropology aLambityeco Site (Mexico); Excavations (Archaeology -- Mexico -- Lambityeco Site; Zapotec Indians -- Antiquities; Zapotec Indians -- Politics and government; Social archaeology -- Mexico -- Oaxaca Valley; Oaxaca Valley (Mexico) -- Antiquities uhttp://www.jstor.org/stable/j.ctt46nwfc c353182d353182 001040aCLbCLd2017-12-12l0oF1219.1.O11L55 2009r2017-12-12 00:00:00w2017-12-12yCBE